Organization change : (Record no. 75384)

MARC details
000 -LEADER
fixed length control field 00764nam a22002297a 4500
005 - DATE AND TIME OF LATEST TRANSACTION
control field 20130510105216.0
010 ## - LCCN (DPL NO)
LC control number ENG-107086
020 ## - INTERNATIONAL STANDARD BOOK NUMBER
International Standard Book Number 9788132110149
Terms of availability 395.00
035 ## - SYSTEM CONTROL NUMBER
System control number EN-90619
037 ## - SOURCE OF ACQUISITION
Source of stock number/acquisition DBAD/PUB
082 00 - DEWEY DECIMAL CLASSIFICATION NUMBER
Classification number 658.406
Edition number 22
100 1# - MAIN ENTRY--PERSONAL NAME
Personal name Burke, W. Warner
Fuller form of name (Wyatt Warner),
Dates associated with a name 1935-
245 10 - TITLE STATEMENT
Title Organization change :
Remainder of title theory and practice /
Statement of responsibility, etc by W. Warner Burke
250 ## - EDITION STATEMENT
Edition statement 3rd ed
260 ## - PUBLICATION, DISTRIBUTION, ETC. (IMPRINT)
Place of publication, distribution, etc New Delhi
Name of publisher, distributor, etc SAGE Publications
Date of publication, distribution, etc 2012
270 ## - ADDRESS
Address B1/I-1 Mohan Cooperative Industrial Area Mathura Road
City New Delhi
Postal code 110044
300 ## - PHYSICAL DESCRIPTION
Extent xv, 362 p. :
Other physical details ill.
Dimensions 23cm(pbk)
500 ## - GENERAL NOTE
General note Includes bibliographical references and index.
650 #0 - SUBJECT ADDED ENTRY--TOPICAL TERM
Topical term or geographic name as entry element Organizational change.
650 #0 - SUBJECT ADDED ENTRY--TOPICAL TERM
Topical term or geographic name as entry element Leadership.
942 ## - ADDED ENTRY ELEMENTS (KOHA)
Source of classification or shelving scheme Dewey Decimal Classification
Item type English Books
Classification part 658.406
Call number suffix BUR
Holdings
Withdrawn status Lost status Not for loan Collection code Home library Current library Date acquired Source of acquisition Cost, normal purchase price Full call number Barcode Copy number Cost, replacement price Koha item type
    Not For Loan Non-fiction D.B.Act.Division D.B.Act.Division 10/05/2013 DBAD/PUB 395.00 658.406 BUR EN-90619 1 395.00 English Books

© Delhi Public Library
Hit Counter
free hit counter